000 00456nam a22001697a 4500
003 CEME
005 20210628204125.0
008 210309b xxu||||| |||| 00| 0 eng d
020 _a81-7100-644-9
040 _c.
082 _a658.048 MAN'B
100 _aBhatia, B. S
_968848
245 _aManagement of sick industries , problems diagnosis and rehabilitation strategies
260 _aNEWDELHI
_bDEEP & DEEP
_c1994
300 _a232P
942 _cBK
_2ddc
999 _c576304
_d576304